000
00289nam a2200121Ia 4500
008
190216s9999||||xx |||||||||||||| ||und||
100
_a
Trilok Chandra Majupuria
245
0
_a
Introduction To Chordates
260
_b
Pradeep Pub
_c
1985
300
_a
988p
650
_a
Zoology
942
_c
BK
999
_c
37414
_d
37414